<?xml version="1.0" encoding="UTF-8"?>
<record
    xmlns:xsi="http://www.w3.org/2001/XMLSchema-instance"
    xsi:schemaLocation="http://www.loc.gov/MARC21/slim http://www.loc.gov/standards/marcxml/schema/MARC21slim.xsd"
    xmlns="http://www.loc.gov/MARC21/slim">

  <leader>01418aam a2200253 a 4500</leader>
  <controlfield tag="003">AR-RoUNCS</controlfield>
  <controlfield tag="005">20260625172938.0</controlfield>
  <controlfield tag="007">ta</controlfield>
  <controlfield tag="008">080430s1992    ag bd  |r    |00| 0 spa d</controlfield>
  <datafield tag="020" ind1=" " ind2=" ">
    <subfield code="a">950-23-0124-2</subfield>
  </datafield>
  <datafield tag="040" ind1=" " ind2=" ">
    <subfield code="a">AR-RoUNCS</subfield>
    <subfield code="b">spa</subfield>
    <subfield code="c">AR-RoUNCS</subfield>
  </datafield>
  <datafield tag="041" ind1="1" ind2=" ">
    <subfield code="a">spa</subfield>
    <subfield code="h">fre</subfield>
  </datafield>
  <datafield tag="100" ind1="1" ind2=" ">
    <subfield code="a">Chaunu, Pierre</subfield>
    <subfield code="e">autor</subfield>
  </datafield>
  <datafield tag="245" ind1="1" ind2="0">
    <subfield code="a">Historia de Am&#xE9;rica Latina / </subfield>
    <subfield code="c">Pierre Chaunu.</subfield>
  </datafield>
  <datafield tag="250" ind1=" " ind2=" ">
    <subfield code="a">13a ed.</subfield>
  </datafield>
  <datafield tag="260" ind1=" " ind2=" ">
    <subfield code="a">Buenos Aires : </subfield>
    <subfield code="b">Eudeba,</subfield>
    <subfield code="c">1992.</subfield>
  </datafield>
  <datafield tag="300" ind1=" " ind2=" ">
    <subfield code="a">132 p. :</subfield>
    <subfield code="b">mapas, diagrs. ; </subfield>
    <subfield code="c">18 cm.</subfield>
  </datafield>
  <datafield tag="490" ind1="1" ind2=" ">
    <subfield code="a">Am&#xE9;rica</subfield>
  </datafield>
  <datafield tag="500" ind1=" " ind2=" ">
    <subfield code="a">T&#xED;tulo original: Histoire de l'Am&#xE9;rique latine / traducida de la segunda edici&#xF3;n actualizada, 1961, por Federico Monjard&#xED;n.</subfield>
  </datafield>
  <datafield tag="505" ind1="0" ind2=" ">
    <subfield code="a">Introducci&#xF3;n: Al encuentro de dos mundos -- Pte. 1: La Am&#xE9;rica Latina colonial (1492-1808): I. El siglo de los conquistadores (1492-1550) -- II. La organizaci&#xF3;n de la conquista -- III. Econom&#xED;as y sociedades -- Pte. 2: Hundimiento del sistema: independencia de Am&#xE9;rica Latina: -- I. Las causas -- II. El derrumbe -- III. Panam&#xE1;. Fracaso de Bol&#xED;var. Triunfo de la divisi&#xF3;n -- Pte. 3: Am&#xE9;rica Latina libre (?): de la colonizaci&#xF3;n ib&#xE9;rica a la colonizaci&#xF3;n estadounidense: I. Las dificultades pol&#xED;ticas internas -- II. La influencia europea -- III. El tercer expoliador: el T&#xED;o Sam -- Conclusi&#xF3;n -- Bibliograf&#xED;a.</subfield>
  </datafield>
  <datafield tag="650" ind1=" " ind2="7">
    <subfield code="2">embne</subfield>
    <subfield code="a">Am&#xE9;rica Latina</subfield>
    <subfield code="v">Historia</subfield>
  </datafield>
  <datafield tag="650" ind1=" " ind2="7">
    <subfield code="2">embne</subfield>
    <subfield code="a">Colonizaci&#xF3;n</subfield>
  </datafield>
  <datafield tag="942" ind1=" " ind2=" ">
    <subfield code="2">udc</subfield>
    <subfield code="c">OG</subfield>
    <subfield code="n">0</subfield>
  </datafield>
  <datafield tag="999" ind1=" " ind2=" ">
    <subfield code="c">1062</subfield>
    <subfield code="d">1062</subfield>
  </datafield>
  <datafield tag="952" ind1=" " ind2=" ">
    <subfield code="0">0</subfield>
    <subfield code="1">0</subfield>
    <subfield code="2">udc</subfield>
    <subfield code="4">0</subfield>
    <subfield code="7">0</subfield>
    <subfield code="8">CG</subfield>
    <subfield code="a">ESOCIALES</subfield>
    <subfield code="b">ESOCIALES</subfield>
    <subfield code="d">2026-06-25</subfield>
    <subfield code="e">Donaci&#xF3;n 2026</subfield>
    <subfield code="l">0</subfield>
    <subfield code="o">94(7/8)"1492/1942" C498</subfield>
    <subfield code="p">001541</subfield>
    <subfield code="r">2026-06-25 17:33:59</subfield>
    <subfield code="w">2026-06-25</subfield>
    <subfield code="y">OG</subfield>
  </datafield>
</record>
